Normal view MARC view
  • Singh.A.K.

Entry Personal Name

Number of records used in: 2

001 - CONTROL NUMBER

  • control field: 1012

003 - CONTROL NUMBER IDENTIFIER

  • control field: OSt

005 - DATE AND TIME OF LATEST TRANSACTION

  • control field: 20161101140242.0

008 - FIXED-LENGTH DATA ELEMENTS

  • fixed length control field: 161101|| aca||aabn | a|a d

040 ## - CATALOGING SOURCE

  • Original cataloging agency: OSt

100 ## - HEADING--PERSONAL NAME

  • Personal name: Singh.A.K.

Powered by Koha